| 000 | 00636nam a2200253 a 4500 | ||
|---|---|---|---|
| 003 | AR-BaBNM | ||
| 005 | 20251128204429.0 | ||
| 008 | 082120s2002 ||||||||||||||000 | spa|| | ||
| 040 | _cAR-BaBNM | ||
| 100 | 1 | _aSchönthaler, I. | |
| 245 | 0 | 0 | _aMuñecos y adornos de alambre |
| 260 |
_aBuenos Aires _bKapelusz _c1972 |
||
| 300 |
_a71 p. _bil. |
||
| 490 | 0 | _aCómo hacer | |
| 650 | 4 | _aARTESANIAS | |
| 650 | 4 | _aEDUCACION ARTISTICA | |
| 650 | 4 | _aJUGUETES | |
| 650 | 4 | _aTRABAJO ARTISTICO DEL METAL | |
| 653 | _aMANUALIDADES | ||
| 700 | 1 | _aWille, M. | |
| 700 | 1 |
_aThomas, Juan Jorge _etraductor |
|
| 942 | _cBK | ||
| 998 | _cEnrique | ||
| 999 |
_c7400 _d7400 |
||